Cirkev, komunizmus a kresťania

Saved in:
Bibliographic Details
Main Author: Garaudy, Roger
Format: Book
Language:Slovak
Published: Bratislava Tatran 1950
Edition:1. vyd.
Series:Socialistická knižnica Sv.3
Tags: Add Tag
No Tags, Be the first to tag this record!

MARC

LEADER 00000nam a2200000 4500
001 c029402
005 20250110103759.8
041 0 |a slo 
044 |a SK 
245 1 0 |a Cirkev, komunizmus a kresťania  |c Roger Garaudy ; Prekl. Ondrej Žiška 
250 |a 1. vyd. 
264 1 |a Bratislava  |b Tatran  |c 1950 
300 |a 258 s. 
490 1 |a Socialistická knižnica  |v Sv.3 
830 0 |a Socialistická knižnica  |v Sv.3 
100 1 |a Garaudy, Roger